Ricostruisci la Carriera del Calciatore - Renato Sanches - Statistics

Statistiche generali
  • Questo quiz è stato fatto 2 volte
  • Il punteggio medio è 2 su 7
Statistiche sulle risposte
Hint Risposta % Corretto
2014-2016 Benfica
100%
2018-2019 Bayern Monaco
50%
2023- Roma
50%
2016-2017 Bayern Monaco
0%
2019-2022 Lilla
0%
2022-2023 Paris Saint-Germain
0%
2017-2018 Swansea City
0%
Nessun quiz corrispondente trovato
Distribuzione punteggi
Percentuale di utenti per punteggio
Percentile per numero di risposta
I tuoi punteggi nel tempo
Non hai fatto questo quiz